25 Największych Miast Germańskich na mapie - Statystyki

Ogólne statystyki
  • Ten quiz został rozwiązany 32 razy
  • Średni wynik to 22 z 25
Odpowiedzi na mapie
Odpowiedzi zakodowano w zielono-czerwonej skali na mapie do tego quizu, zgodnie z poniższymi procentami.
 
Statystyki odpowiedzi
Państwo Miasto Populacja % Poprawnych
Niderlandy Amsterdam 1,1 mln
100%
Niemcy Berlin 3,7 mln
100%
Belgia Bruksela 2 mln
100%
Niemcy Monachium 1,5 mln
100%
Norwegia Oslo 720k
100%
Austria Wiedeń 2 mln
100%
Niemcy Drezno 560k
96%
Niemcy Hamburg 1,8 mln
96%
Dania Kopenhaga 1,4 mln
96%
Wielka Brytania Londyn 8,7 mln
96%
Szwecja Sztokholm 1 mln
96%
Wielka Brytania Birmingham 1,1 mln
92%
Niemcy Frankfurt 760k
88%
Wielka Brytania Glasgow 630k
88%
Niderlandy Haga 850k
88%
Niemcy Kolonia 1 mln
88%
Niderlandy Rotterdam 870k
88%
Niemcy Brema 590k
83%
Niemcy Dortmund 600k
83%
Niemcy Lipsk 610k
83%
Niemcy Stuttgart 610k
79%
Belgia Antwerpia 990k
67%
Niemcy Dusseldorf 620k
67%
Szwecja Goteborg 610k
67%
Niemcy Essen 570k
58%
Nie znaleziono quizów pasujących do podanych kryteriów
Rozkład punktacji
Procent ludzi z każdym wynikiem
Percentyl według liczby udzielonych odpowiedzi
Twoja historia wyników
Nie rozwiązałeś tego quizu